000 00579pam a2200229 a 4500
001 461055
005 20171220070134.0
008 830420s1983 nyua b 001 0 eng
010 _a 83009528
020 _a0890046085
040 _aDLC
_cDLC
_dDLC
041 _aeng
060 _aWL 101 C517
080 _a611..8 DUA
082 0 0 _a611..8 DUA
_219
100 _a6
101 _aANA
245 0 0 _aChemical neuroanatomy /
_ceditor, P.C. Emson.
504 _aIncludes bibliographies and index.
906 _a7
_bcbc
_corignew
_d1
_eocip
_f19
_gy-gencatlg
942 _2ddc
_cBK
999 _c39221
_d39221